| 000 | 00438nam a2200169 a 4500 | ||
|---|---|---|---|
| 005 | 20140310183228.0 | ||
| 008 | 040311s19uu xx 00 eng d | ||
| 020 | _a0399133593 | ||
| 050 |
_aPS 3551.N73 _b.R63 1988 |
||
| 100 | _aAnthony, Piers | ||
| 245 |
_aRobot adept / _cPiers Anthony. |
||
| 260 |
_aNew York : _bG.P. Putnam's Son's, _c1988. |
||
| 300 |
_a286 p. : _c24cm. |
||
| 650 | _aFiction | ||
| 942 |
_cBK _2lcc |
||
| 999 |
_c20451 _d20451 |
||